Planificación, prospectiva y gestión pública (Registro nro. 1683)
[ vista simple ]
| 000 -LEADER | |
|---|---|
| fixed length control field | 01793 a2200229 4500 |
| 001 - CONTROL NUMBER | |
| control field | 28252 |
| 005 - DATE AND TIME OF LATEST TRANSACTION | |
| control field | 20260407155554.0 |
| 008 - FIXED-LENGTH DATA ELEMENTS--GENERAL INFORMATION | |
| fixed length control field | 260407a2014 arg spa d |
| 003 - CONTROL NUMBER IDENTIFIER | |
| control field | AR-UNSa-BCEJYS |
| 040 ## - CATALOGING SOURCE | |
| Original cataloging agency | AR-UNSa-BCEJYS |
| Language of cataloging | spa |
| Transcribing agency | AR-UNSa-BCEJYS |
| 080 ## - UNIVERSAL DECIMAL CLASSIFICATION NUMBER | |
| Universal Decimal Classification number | 338.26 |
| Common auxiliary subdivision | Planes económicos. Planificación de la economía |
| 020 ## - INTERNATIONAL STANDARD BOOK NUMBER | |
| International Standard Book Number | 978-92-1-121831-2 |
| 100 1# - MAIN ENTRY--PERSONAL NAME | |
| Personal name | Máttar, Jorge |
| 245 10 - TITLE STATEMENT | |
| Title | Planificación, prospectiva y gestión pública |
| Name of part/section of a work | reflexiones para la agenda de desarrollo |
| 264 #1 - PRODUCTION, PUBLICATION, DISTRIBUTION, MANUFACTURE, AND COPYRIGHT NOTICE | |
| Place of production, publication, distribution, manufacture | Santiago de Chile : |
| Name of producer, publisher, distributor, manufacturer | CEPAL (Comisión Económica para América Latina y el Caribe) |
| Date of production, publication, distribution, manufacture, or copyright notice | 2014 |
| 300 ## - PHYSICAL DESCRIPTION | |
| Extent | 243 p. |
| Dimensions | 22 cm. |
| 505 ## - FORMATTED CONTENTS NOTE | |
| Formatted contents note | 1. La historia y los retos del desarrollo latinoamericano - 2. Planificación y desarrollo con igualdad en América Latina y el Caribe: tendencias del desarrollo y la desigualdad durante los últimos 20 años - 3. Notas sobre el desarrollo y globalización en América Latina - 4. La planificación en Europa: del abandono a un cierto resurgir, bajo nuevas formas - 5. Origen, evolución y situación actual de las políticas territoriales en América Latina en los siglos XX y XXI - 6. Reflexiones sobre la gestión por resultados - 7. La articulación entre el plan y el presupuesto: un tema recurrente en el trabajo del ILPES en la región - 8. Gestión pública y desarrollo - 9. El avance de la prospectiva en América Latina y el Caribe: factor esencial para un nuevo paradigma de planificación para el desarrollo en el siglo XXI - 10. El ILPES: reflexiones sobre su historia y perspectivas de futuro |
| 590 ## - LOCAL NOTE (RLIN) | |
| Local note | niveau_biblio:m niveau_hierar:0 |
| 700 1# - ADDED ENTRY--PERSONAL NAME | |
| Personal name | Perrotti, Daniel E. |
| 856 41 - ELECTRONIC LOCATION AND ACCESS | |
| Uniform Resource Identifier | <a href="https://biblioeco.unsa.edu.ar/pmb/images/libros/Planificacion, prospectiva y gestion publica-l120000.jpg">https://biblioeco.unsa.edu.ar/pmb/images/libros/Planificacion, prospectiva y gestion publica-l120000.jpg</a> |
| Link text | Imagen de portada |
| Electronic format type | image/jpeg |
| 942 ## - ADDED ENTRY ELEMENTS (KOHA) | |
| Koha item type | |
| Withdrawn status | Lost status | Damaged status | Not for loan | Home library | Current library | Shelving location | Date acquired | Total checkouts | Full call number | Barcode | Date last seen | Price effective from | Koha item type |
|---|---|---|---|---|---|---|---|---|---|---|---|---|---|
| Biblioteca Prof. Eusebio Cleto del Rey | Biblioteca Prof. Eusebio Cleto del Rey | 07/04/2026 | 338.26 M435 | L120000 | 07/04/2026 | 07/04/2026 | Libro |